000 00740nam a2200217 i 4500
001 39346
003 ES-MaACL
005 20260209164050.0
007 t|
008 030227s1962 sp ||||1| spa d
100 1 _aCalle Iturrino, Esteban.
_933706
245 1 0 _aDe Tutankamen a Nasser o la novela de Africa
_b: ensayos históricos /
_cE. Calle Iturrino.
260 _aBilbao :
_b[s.n.,
_c1962] (
_fGráf. Santa Casa de Misericordia)
300 _a140 p., 3 lám., 1 map. pleg. ;
_c24 cm.
500 _aLa primera lamina, retr. del autor.
651 4 _aÁfrica-
_xHistoria
_97595
852 _aES-MaACL
_jC-24787
_bR.52901
852 _aES-MaACL
_jC-22502
_bR.51209
852 _aES-MaACL
_jC-25358
_bR.52902
999 _c39346
_d39346